La vida en las escuelas : esperanzas y desencantos de la convivencia escolar /

La experiencia escolar es profunda y deja marcas subjetivas. Este libro es una invitación a imaginar cómo ayudar a tejer y entretejer en las dinámicas de la vida cotidiana otros modos posibles de pensar(se), de estar y sentir(se) las y los estudiantes en el escenario escolar. Comprender la dimensión...

Descripción completa

Guardado en:
Autor Principal: Kaplan, Carina.
Formato: Libro
Idioma:Undetermined
Publicado: Rosario : Homo Sapiens, 2023.
Edición:1a ed.
Series:Formando docentes /INFoD
Materias:
Etiquetas: Agregar Etiqueta
Sin Etiquetas, Sea el primero en etiquetar este registro!
LEADER 01773nam a22002535a 4500
001 CEM.cems020408
008 230901s2023####xx############000#0#und#d
005 20230901194804.0
245 1 0 |a La vida en las escuelas :  |b esperanzas y desencantos de la convivencia escolar /  |c Carina Kaplan. 
250 |a 1a ed. 
260 |a Rosario :  |b Homo Sapiens,  |c 2023. 
300 |a 132 p. 
490 1 |a Formando docentes /INFoD 
500 |a Edición especial para el Ministerio de Educación de la Nación. 
505 0 |a El valor de la educación y de la escuela -- La escuela sin estigma -- La escuela que tuerce destinos -- La escuela reparadora -- Desanudar el vínculo entre condición de origen y destino educativo -- La mirada educativa -- La violencia como dolor social -- El racismo de la violencia -- Las violencias en la escuela -- Coexistencia de las violencias físicas y las violencias simbólicas -- La autoestima educativa -- 
520 |a La experiencia escolar es profunda y deja marcas subjetivas. Este libro es una invitación a imaginar cómo ayudar a tejer y entretejer en las dinámicas de la vida cotidiana otros modos posibles de pensar(se), de estar y sentir(se) las y los estudiantes en el escenario escolar. Comprender la dimensión socio-emocional de la convivencia escolar nos desafía a visibilizar las expresiones de violencias, racismos y estigmatización a la par que reflexionar sobre la capacidad de reparar las heridas sociales. 
020 |a 9789877711806 
100 1 |a Kaplan, Carina. 
653 |a Educación 
653 |a Escuelas 
653 |a Convivencia escolar 
653 |a Violencia escolar 
859 |a CEMS  |b BIB. CEMS - 11 de abril  |h 371.5  |i K141-1  |p 29651.23  |t Ej.1 
859 |a CEMS  |b BIB. CEMS - Ccias. Educacion  |h 371.5  |i K141-1  |k CE  |p 29652.23  |t Ej.2